| 000 | 00886am a2200301a 44500 | ||
|---|---|---|---|
| 003 | AR-BaBNM | ||
| 005 | 20251128211042.0 | ||
| 008 | 012020s1958 #AR|||||||||||000 | spa|| | ||
| 040 | _cAR-BaBNM | ||
| 100 | 1 | _aLuzuriaga, Lorenzo | |
| 245 | 1 | 0 | _aPedagogía social y política |
| 250 | _a2ª ed. | ||
| 260 |
_aBuenos Aires _bLosada _c1958 |
||
| 300 | _a228 p. | ||
| 490 | 0 | _aPublicaciones de la Revista de Pedagogía. Biblioteca Pedagógica | |
| 500 | _aContiene índice de autores en p. 225-228 | ||
| 504 | _aBibliografía: p. 220-223 | ||
| 650 | 4 | _aPEDAGOGIA | |
| 650 | 4 | _aTEORIAS DEL APRENDIZAJE | |
| 650 | 4 | _aHISTORIA DE LA EDUCACION | |
| 650 | 4 | _aESTADO Y EDUCACION | |
| 650 | 4 | _aEDUCACION DE ADULTOS | |
| 650 | 4 | _aRELACION ESCUELA-COMUNIDAD | |
| 650 | 4 | _aRELACION FAMILIA-ESCUELA | |
| 800 | 1 |
_aLuzuriaga, Lorenzo _edirector |
|
| 942 | _cBK | ||
| 998 | _calicia | ||
| 999 |
_c18020 _d18020 |
||